| 000 -LEADER | |
|---|---|
| fixed length control field | 00407nam a22001697a 4500 |
| 005 - DATE AND TIME OF LATEST TRANSACTION | |
| control field | 20160513151104.0 |
| 008 - FIXED-LENGTH DATA ELEMENTS--GENERAL INFORMATION | |
| fixed length control field | 160513b xxu||||| |||| 00| 0 eng d |
| 020 ## - INTERNATIONAL STANDARD BOOK NUMBER | |
| ISBN | 0978-0-07-014491-0 |
| 041 ## - LANGUAGE CODE | |
| Language code of text/sound track or separate title | eng |
| 082 ## - DEWEY DECIMAL CLASSIFICATION NUMBER | |
| Item number | 2104 |
| 100 ## - MAIN ENTRY--AUTHOR NAME | |
| Personal name | Rajan Saxena |
| 245 ## - TITLE STATEMENT | |
| Title | Marketing Management |
| 260 ## - PUBLICATION, DISTRIBUTION, ETC. (IMPRINT) | |
| Place of publication | New Delhi |
| Name of publisher | Tata McGraw Hill Ltd. |
| Year of publication | 2009 |
| 300 ## - PHYSICAL DESCRIPTION | |
| Number of Pages | 793 |
| 650 ## - SUBJECT ADDED ENTRY--TOPICAL TERM | |
| Topical Term | Management |
| 942 ## - ADDED ENTRY ELEMENTS (KOHA) | |
| Koha item type | Books |
| Lost status | Damaged status | Collection code | Home library | Current library | Shelving location | Date acquired | Full call number | Accession Number | Koha item type |
|---|---|---|---|---|---|---|---|---|---|
| Reference | JRU Library | SHELF-28-J | 13/05/2016 | 2104 | 2104 | Books | |||
| MANAGEMENT | JRU Library | JRU Library | SHELF - 69 J | 13/05/2016 | 2104 | 2105 | Books | ||
| MANAGEMENT | JRU Library | JRU Library | SHELF-76-M | 13/05/2016 | 658.5 | 2106 | Books | ||
| MANAGEMENT | JRU Library | JRU Library | SHELF - 69 J | 13/05/2016 | 2104 | 2107 | Books | ||
| MANAGEMENT | JRU Library | JRU Library | SHELF-76-M | 13/05/2016 | 658.5 | 2108 | Books | ||
| MANAGEMENT | JRU Library | JRU Library | SHELF - 69 J | 13/05/2016 | 2104 | 2109 | Books | ||
| MANAGEMENT | JRU Library | JRU Library | SHELF - 69 J | 13/05/2016 | 2104 | 2110 | Books | ||
| MANAGEMENT | JRU Library | JRU Library | SHELF - 69 J | 13/05/2016 | 2104 | 2111 | Books | ||
| MANAGEMENT | JRU Library | JRU Library | SHELF - 69 J | 13/05/2016 | 2104 | 2112 | Books | ||
| MANAGEMENT | JRU Library | JRU Library | SHELF-76-M | 13/05/2016 | 658.5 | 2113 | Books | ||
| MANAGEMENT | JRU Library | JRU Library | SHELF - 69 J | 13/05/2016 | 2104 | 2114 | Books |